A new concise inorganic chemistry / (Record no. 23092)

MARC details
000 -LEADER
fixed length control field 01030cam a2200325 i 4500
001 - CONTROL NUMBER
control field 2708874
003 - CONTROL NUMBER IDENTIFIER
control field OSt
005 - DATE AND TIME OF LATEST TRANSACTION
control field 20211221102637.0
008 - FIXED-LENGTH DATA ELEMENTS--GENERAL INFORMATION
fixed length control field 761222s1977 nyua b 001 0 eng
010 ## - LIBRARY OF CONGRESS CONTROL NUMBER
LC control number 76057657
020 ## - INTERNATIONAL STANDARD BOOK NUMBER
International Standard Book Number 0442301693
020 ## - INTERNATIONAL STANDARD BOOK NUMBER
International Standard Book Number 0442301650 (pbk.)
020 ## - INTERNATIONAL STANDARD BOOK NUMBER
International Standard Book Number 0442301790 (ELBS)
040 ## - CATALOGING SOURCE
Original cataloging agency DLC
Transcribing agency HU
Modifying agency DLC
050 00 - LIBRARY OF CONGRESS CALL NUMBER
Classification number QD453.2
Item number .L43 1977
082 00 - DEWEY DECIMAL CLASSIFICATION NUMBER
Classification number 546
100 1# - MAIN ENTRY--PERSONAL NAME
Personal name Lee, J. D.
Fuller form of name (John David),
Dates associated with a name 1931-
9 (RLIN) 23771
245 12 - TITLE STATEMENT
Title A new concise inorganic chemistry /
Statement of responsibility, etc. by J. D. Lee.
250 ## - EDITION STATEMENT
Edition statement 3d ed.
260 ## - PUBLICATION, DISTRIBUTION, ETC.
Place of publication, distribution, etc. New York :
Name of publisher, distributor, etc. Van Nostrand Reinhold Co.,
Date of publication, distribution, etc. 1977.
300 ## - PHYSICAL DESCRIPTION
Extent xxi, 505 p. :
Other physical details ill. ;
Dimensions 24 cm.
500 ## - GENERAL NOTE
General note Editions for 1964 and 1965 published under title: Concise inorganic chemistry.
500 ## - GENERAL NOTE
General note Includes index.
504 ## - BIBLIOGRAPHY, ETC. NOTE
Bibliography, etc. note Bibliography: p. 490.
650 #0 - SUBJECT ADDED ENTRY--TOPICAL TERM
Topical term or geographic name entry element Chemistry, Physical and theoretical.
9 (RLIN) 7606
650 #0 - SUBJECT ADDED ENTRY--TOPICAL TERM
Topical term or geographic name entry element Chemical bonds.
9 (RLIN) 23772
740 ## - ADDED ENTRY--UNCONTROLLED RELATED/ANALYTICAL TITLE
Uncontrolled related/analytical title Concise inorganic chemistry.
906 ## - LOCAL DATA ELEMENT F, LDF (RLIN)
a 7
b cbc
c orignew
d 1
e ocip
f 19
g y-gencatlg
942 ## - ADDED ENTRY ELEMENTS (KOHA)
Source of classification or shelving scheme Dewey Decimal Classification
Koha item type Books like text book referance book
Suppress in OPAC No
Holdings
Withdrawn status Lost status Source of classification or shelving scheme Damaged status Not for loan Collection code Home library Current library Shelving location Date acquired Total Checkouts Full call number Barcode Date last seen Copy number Price effective from Koha item type
    Dewey Decimal Classification     Reference Wondo Genet Library Wondo Genet Library General Stacks 12/21/2021   546 LEE 1977 WGCFNRL00007160 12/21/2021 1 12/21/2021 Books like text book referance book